02773cam a22004094i 4500003000900000005001700009008004100026035002000067040003300087100004300120245029000163264001000453300004000463336002100503337002500524338002300549502005900572504002400631520142700655526001002082526001002092526000902102526000902111526000902120526000902129526000902138526000902147526000902156526000802165526000802173526000802181526000802189526000802197650005202205650003802257650006802295PE-LiUPU20250731165442.0160914s2016 pe a grm 000 0 spa d a(Sirsi) a163440 aPE-LiUPUbspacPE-LiUPUerda1 aVerde Avalos, Emilyn Elizabeth,eautor1 aEfectividad del programa "Sé tú mismo y exprésate con el arte de la palabra" en la producción de textos líricos de los estudiantes del Tercer grado sección "B" del nivel secundaria del Colegio Adventista "El Porvenir" Chepén, La Libertad /cEmilyn Elizabeth Verde Avalos. 0c2016. a137 hojas : bilustraciones;c30 cm atext2rdacontent aunmediated2rdamedia avolume2rdacarrier aTesisb(Lic.) -- cUniversidad Peruana Unión,d2016. aIncluye referencias3 aEl estudio de la investigación tuvo como propósito fundamental, identificar la efectividad del programa "Sé tú mismo y exprésate con el arte de la palabra" en la producción de textos líricos de los 20 estudiantes del Tercer grado sección "B" del nivel secundaria del Colegio Adventista "El Porvenir" - Chepén. El diseño de investigación fue pre - experimental, con enfoque cuantitativo. El recojo de la información fue realizado por una "Guía de análisis de texto", utilizada para medir el nivel de logro en el que se encontraban los estudiantes para poder aplicar el programa. Para el proceso de análisis estadístico se utilizó el programa Statical Package Social Science (SPSS) 22.0, este nos permitió obtener los resultados confiables de la investigación, mostrando estadísticamente la significatividad efectiva de la aplicación del programa "Sé tú mismo y exprésate con el arte de la palabra". Los resultados del programa en el pre test muestran que un 60% de los estudiantes se encontraba en el nivel "Deficiente" mostrando dificultades para desarrollar la competencia literaria en la producción de textos líricos, finalmente, el post test logró superar los resultados mostrando que el 15% de los estudiantes está en el nivel "Regular" y un 85% de los estudiantes logró ubicarse en el nivel "Bueno" con respecto a la variable producción de textos líricos. aSEG44 aSEG26 aP151 aP150 aP149 aP146 aP145 aP126 aP125 aP92 aP75 aP74 aP27 aP1504aEstudiantes de secundariaxCreación literaria04aCreación literariaxDidáctica04aCreación literariaxEstudio y enseñanzaxPlanes y programas